000 00458nam a2200181Ia 4500
008 090123s9999 xx 000 0 und d
082 _b15927
100 _aनंदा गुलशन
245 _aरुपमती
250 _a0
260 _bअशोक
300 _a214
600 _aनंदा गुलशन
630 _aरुपमती
700 _aनंदा गुलशन
730 _aरुपमती
942 _cBOOK
999 _c53988
_d53988